Do They Border? Quiz Stats

 Plays Quiz not verified by Sporcle

Support Sporcle.
Go Orange.
Score 0/20 Timer 03:00
0 Plays Today
Country 1 Answer (Y/N) % Correct
Australia???
89.1%
San Marino???
89.1%
Andorra???
87.8%
Israel???
87.2%
Timor-Leste???
86.5%
Russia???
83.3%
Venezuela???
82.7%
Liberia???
82.7%
Norway???
82.1%
North Korea???
81.4%
Country 1 Answer (Y/N) % Correct
Brazil???
80.8%
Eritrea???
79.5%
Moldova???
78.2%
Kyrgyzstan???
77.6%
Belize???
76.3%
Haiti???
76.3%
Germany???
74.4%
Azerbaijan???
66%
Singapore???
62.8%
Nicaragua???
47.4%

You're not logged in!

Compare scores with friends on all Sporcle quizzes.
OR
Log In

From the Vault

19th Century Literary Characters Match-up

by khands

Just because these characters are old doesn't mean they're old-fashioned.
Remove Ads.
Support Sporcle.
Get the best of Sporcle when you Go Orange. This ad-free experience offers more features, more stats, and more fun while also helping to support Sporcle. Thank you for becoming a member.

Show Comments

Extras

Created Oct 22, 2013ReportNominate
Tags:Border Quiz

Top Quizzes Today


Score Distribution

Your Account Isn't Verified!

In order to create a playlist on Sporcle, you need to verify the email address you used during registration. Go to your Sporcle Settings to finish the process.

Report this User

Report this user for behavior that violates our Community Guidelines.

Details: